Histoire du livre et de l’imprimé au Canada de Patricia FLEMING et Gilles GALICHAN (dir.) Par Jean-Pierre BACOT (notice n° 1660364)
[ vue normale ]
| 000 -LEADER | |
|---|---|
| fixed length control field | 01974cam a2200169 4500500 |
| 005 - DATE AND TIME OF LATEST TRANSACTION | |
| control field | 20260208013548.0 |
| 041 ## - LANGUAGE CODE | |
| Language code of text/sound track or separate title | fre |
| 042 ## - AUTHENTICATION CODE | |
| Authentication code | dc |
| 100 10 - MAIN ENTRY--PERSONAL NAME | |
| Personal name | Bacot, Jean-Pierre |
| Relator term | author |
| 245 00 - TITLE STATEMENT | |
| Title | Histoire du livre et de l’imprimé au Canada de Patricia FLEMING et Gilles GALICHAN (dir.) Par Jean-Pierre BACOT |
| 260 ## - PUBLICATION, DISTRIBUTION, ETC. | |
| Date of publication, distribution, etc. | 2005.<br/> |
| 500 ## - GENERAL NOTE | |
| General note | 16 |
| 520 ## - SUMMARY, ETC. | |
| Summary, etc. | La rubrique politique occupe une position haute dans la hiérarchie des rédactions de la presse quotidienne régionale et présente une « rentabilité » en termes de prestige. L’observation in situ des pratiques quotidiennes de travail des journalistes politiques du Monde, avec pour point de comparaison l’étude de Jean Padioleau menée au début des années 80, permet de saisir dans quelle mesure ce statut de rubrique « noble » se voit remis en cause au cours des années 90. Nous verrons comment l’apparition d’une nouvelle « rhétorique » journalistique traduit un renouvellement à la fois des procédures d’écriture mais aussi des représentations et pratiques journalistiques inscrites dans un rapport de force entre catégories de journalistes. |
| 520 ## - SUMMARY, ETC. | |
| Summary, etc. | LE MONDE TWENTY YEARS LATER The political section ranks high as an editorial priority in the regional daily press and is considered “profitable” in terms of prestige. Observation of the day-to-day practices of political journalists at Le Monde, with Jean Padioleau’s study from the early eighties as a comparison, shows how much this status as a “noble” section was undermined in the nineties. The author examines how the appearance of a new journalistic “rhetoric” reflects a renewal of writing processes and of journalistic representations and practices inscribed in a balance of power between categories of journalists. |
| 786 0# - DATA SOURCE ENTRY | |
| Note | Réseaux | 131 | 3 | 2005-07-01 | p. 227b-232b | 0751-7971 |
| 856 41 - ELECTRONIC LOCATION AND ACCESS | |
| Uniform Resource Identifier | <a href="https://shs.cairn.info/revue-reseaux1-2005-3-page-227b?lang=fr&redirect-ssocas=7080">https://shs.cairn.info/revue-reseaux1-2005-3-page-227b?lang=fr&redirect-ssocas=7080</a> |
Pas d'exemplaire disponible.




Réseaux sociaux